书目信息 |
| 题名: |
轻型木结构建筑设计
|
|
| 作者: | 高承勇 编著 | |
| 分册: | 结构设计分册 | |
| 出版信息: | 北京 中国建筑工业出版社 2011.03 |
|
| 页数: | 220页 | |
| 开本: | 23cm | |
| 丛书名: | ||
| 单 册: | ||
| 中图分类: | TU366.204-62 | |
| 科图分类: | ||
| 主题词: | 结构设计 , 木结构 , 木结构--结构设计 | |
| 电子资源: | ||
| ISBN: | 978-7-112-12963-8 | |
| 000 | 01091nam0 2200301 450 | |
| 001 | 0100140839 | |
| 005 | 20141020221724.0 | |
| 010 | @a978-7-112-12963-8@dCNY42.00 | |
| 100 | @a20110518d2011 em y0chiy50 ea | |
| 101 | 0 | @achi |
| 101 | 11 | @achi |
| 102 | @aCN@b110000 | |
| 105 | @aa z 000yy | |
| 106 | @ar | |
| 200 | 1 | @a轻型木结构建筑设计@Aqing xing mu jie gou jian zhu she ji@i结构设计分册@b专著@f高承勇[等]编著@Fgao cheng yong [ den ] bian zhu |
| 210 | @a北京@c中国建筑工业出版社@d2011.03 | |
| 215 | @a220页@c图@d23cm | |
| 304 | @a编著者还有:倪春、张家华、郭苏夷 | |
| 330 | @a本书介绍了轻型木结构的设计方法,并提供了相应的各种设计跨度表和构件选用表。全书内容包括:概述,搁栅、椽条、主梁和过梁设计,墙骨柱和组合柱设计,连接设计,楼盖和屋盖平面内荷载设计,剪力墙平面内荷载设计,构造示意图,设计实例。 | |
| 540 | @a轻型木结构建筑设计 | |
| 606 | 0 | @a结构设计 |
| 606 | 0 | @a木结构 |
| 606 | 0 | @a木结构@x结构设计 |
| 690 | @aTU366.204-62@v5 | |
| 701 | 0 | @a高承勇@Agao cheng yong@4编著 |
| 801 | @aCN | |
| 901 | @a001 | |
| 905 | @b1104292-4@dTU366.204-62@eG108@f3@a241430 | |
| 轻型木结构建筑设计.结构设计分册/高承勇[等]编著.-北京:中国建筑工业出版社,2011.03 |
| 220页:图;23cm |
| ISBN 978-7-112-12963-8:CNY42.00 |
| 本书介绍了轻型木结构的设计方法,并提供了相应的各种设计跨度表和构件选用表。全书内容包括:概述,搁栅、椽条、主梁和过梁设计,墙骨柱和组合柱设计,连接设计,楼盖和屋盖平面内荷载设计,剪力墙平面内荷载设计,构造示意图,设计实例。 |
| ● |
| 相关链接 |
|
|
|
正题名:轻型木结构建筑设计
索取号:TU366.204-62/G108
 
预约/预借
| 序号 | 登录号 | 条形码 | 馆藏地/架位号 | 状态 | 备注 |
| 1 | 1104292 | 211042922 | 建筑库101/101建筑库 84排3列5层/ [索取号:TU366.204-62/G108] | 在馆 | |
| 2 | 1104293 | 211042931 | 土木与交通工程学院资料室/土木与交通学院资料室 1排1列1层/ [索取号:TU366.204-62/G108] | 在馆 | |
| 3 | 1104294 | 211042940 | 土木与交通工程学院资料室/土木与交通学院资料室 1排1列1层/ [索取号:TU366.204-62/G108] | 在馆 |